| 000 | 01128cam a2200217 a 4500 | ||
|---|---|---|---|
| 999 |
_c6406 _d6406 |
||
| 020 | _a9780071318006 | ||
| 020 | _a0071318003 | ||
| 050 | 0 | 0 |
_aQA76.5 _b.W64 |
| 100 | 1 | _aWilliams, Brian K., | |
| 245 | 1 | 0 |
_aUsing information technology : _ba practical introduction to computers & communications / _cBrian K. Williams, Stacey C. Sawyer. |
| 250 | _aComplete version, tenth edition. | ||
| 260 |
_aNew York, NY : _bMcGraw-Hill, _c©2013. |
||
| 300 |
_axxvii, 576 pages : _bcolor illustrations, color maps ; _c28 cm. |
||
| 500 | _aIncludes Index | ||
| 505 | _a1. Introduction to Information Technology Your Digital World -- 2. The Internet & the World -- 3. Software Tools for Productivity & Creativity -- 4. Hardware: The CPU & Storage How to Choose a Multimedia Computer System -- 5. Hardware: Input & Output Taking Charge of Computing & Communication -- 6. Communications, Networks, & Safeguards The Wired & Wireless World -- 7. Personal Technology the Future in You. | ||
| 650 | 0 | _aComputers. | |
| 650 | 0 | _aTelecommunication systems. | |
| 650 | 0 | _aInformation technology. | |
| 700 | 1 | _aSawyer, Stacey C. | |
| 942 | _cBK | ||